Stemmi Squadre di calcio - UEFA - Quiz n°6 - Statistics

Statistiche generali
  • Questo quiz è stato fatto 263 volte
  • Il punteggio medio è 9 su 10
Statistiche sulle risposte
con Immagini Risposta % Corretto
Catania Società Sportiva Dilettantistica
99%
Leicester City Football Club
99%
Sporting Club Bastiais
99%
West Ham United Football Club
99%
Aston Villa Football Club
98%
Fußballclub Red Bull Salzburg
98%
Futebol Clube do Porto
98%
İstanbul Başakşehir Futbol Kulübü
92%
Modena Football Club 2018
88%
Futbol'nyj Klub Spartak Moskva
71%
Nessun quiz corrispondente trovato
Distribuzione punteggi
Percentuale di utenti per punteggio
Percentile per numero di risposta
I tuoi punteggi nel tempo
Non hai fatto questo quiz